| 000 | 00584nam a2200157 a 4500 | ||
|---|---|---|---|
| 001 | 000037679 | ||
| 005 | 20201002031112.0 | ||
| 008 | 121115s2012 dr 000 0 spa d | ||
| 020 | _a9789945855227 | ||
| 040 |
_aDO-SdBNP _bspa _cBNPHU |
||
| 100 | 1 |
_aBáez Jiménez, Pedro Antonioo _964138 |
|
| 245 | 1 | 0 |
_aUna visión de cambio / _cPedro Antonioo Báez Jiménez ; prólogo Juan Ramón Severino Guerrero. |
| 260 |
_aProvincia La Altagracia, República Dominicana : _bEdiciones Photo Print, _c2012. |
||
| 300 |
_a273 p. ; _c22 cm. |
||
| 700 | 1 |
_aSeverino Guerrero, Juan Ramón _epról. _964139 |
|
| 999 |
_c37169 _d37169 |
||